Normal view
MARC view
- War poetry
Entry Topical Term
001 - CONTROL NUMBER
- control field: 104039
003 - CONTROL NUMBER IDENTIFIER
- control field: TR-AnTOB
005 - DATE AND TIME OF LATEST TRANSACTION
- control field: 20241010090604.0
008 - FIXED-LENGTH DATA ELEMENTS
- fixed length control field: 060302 | azannbabn |a ana
010 ## - LIBRARY OF CONGRESS CONTROL NUMBER
- LC control number: sh 85145198
035 ## - SYSTEM CONTROL NUMBER
- System control number: (TR-AnTOB)104039
040 ## - CATALOGING SOURCE
- Original cataloging agency: DLC
- Transcribing agency: DLC
- Language of cataloging: tur
- Modifying agency: DLC
- Modifying agency: WaU
- Modifying agency: WaU
- Modifying agency: DLC
- Modifying agency: TR-AnTOB
053 #0 - LC CLASSIFICATION NUMBER
- Classification number element--single number or beginning number of span: PN6110.W28
- Explanatory term: General collections
150 ## - HEADING--TOPICAL TERM
- Topical term or geographic name entry element: War poetry
360 ## - COMPLEX SEE ALSO REFERENCE--SUBJECT
- Explanatory text: subdivision
- Heading referred to: Poetry
- Explanatory text: under names of wars, e.g.
- Heading referred to: World War, 1939-1945--Poetry
450 ## - SEE FROM TRACING--TOPICAL TERM
- Topical term or geographic name entry element: War
- Form subdivision: Juvenile poetry
450 ## - SEE FROM TRACING--TOPICAL TERM
- Topical term or geographic name entry element: Savaş şiiri
450 ## - SEE FROM TRACING--TOPICAL TERM
- Topical term or geographic name entry element: War
- Form subdivision: Poetry
450 ## - SEE FROM TRACING--TOPICAL TERM
- Topical term or geographic name entry element: Savaş
- Form subdivision: Şiir
550 ## - SEE ALSO FROM TRACING--TOPICAL TERM
- Control subfield: g
- Topical term or geographic name entry element: Poetry
550 ## - SEE ALSO FROM TRACING--TOPICAL TERM
- Topical term or geographic name entry element: Anti-war poetry
688 ## - APPLICATION HISTORY NOTE
- Institution to which field applies: TR-AnTOB
- Application history note: Op 10.10.2024
750 ## - ESTABLISHED HEADING LINKING ENTRY--TOPICAL TERM
- Authority record control number or standard number: https://lccn.loc.gov/sh85145198
- Source of heading or term: lcsh



